Elements du monde de One Piece - Statistiques

Statistiques générales
  • Ce quiz a été pris 125 fois
  • Le résultat moyen est 21 sur 30
Statistiques - réponses
Description Element % Correct
Ce qui la portent sont reconnaissables à une lettre en plusdans leur nom Volonté du D
100%
Mystérieux aliment qui donne un pouvoir à celui qui le mange,mais lui fait perdre la capacité de nager Fruit du Démon
97%
Pouvoir qui permet de se battre en utilisant de l'énergie pure, qui existe sous trois formes différentes, dont le royal est le plus rare de tous Haki/Fluide
89%
Un des 3 types de ce mystérieux aliment Logia
89%
Espèce proche des humains physiquement, mais dontles capacités sont décuplées sous l'eau Hommes-Poissons
87%
Un des 3 types de ce mystérieux aliment Paramecia
86%
Un des 3 types de ce mystérieux aliment Zoan
85%
Objet indispensable pour la navigation qui indique les îlesgrâce à leur champ éléctromagnétique Log Pose
84%
Pierre mystérieuse que peut de personnes ont su lire, quirévéleraient les secrets de l'histoire du passé du monde Poneglyphe
84%
Groupe formé des 4 plus puissants pirates du monde 4 Empereurs
83%
Groupe affilié à la Marine, numéroté de 0 à 9, qui agit pourle renseignement et l'espionnage Cipher Pol
83%
Moyen de communication le plus utilisé dans le monde deOne Piece Escargophone
80%
Mer la plus dangereuse du monde, sur laquelle voguent lespirates du monde en quête de trésors Grand Line
80%
Partie de l'histoire qui a été volontairement effacée Siècle oublié
80%
Matériau qui permet d'annuler les pouvoirs de ceux ayantmangé le mystérieux aliment cité plus haut Granit marin
78%
Groupe formé de pirates affiliés aux Marines, dont la primeest gelée et qui servent de dissuasion aux autres pirates Grands Corsaires
77%
Le nom le plus courant de la noblesse mondiale, qui sont considéréscomme des dieux et ont tous les privilèges Dragons Célestes
75%
Instance regroupant la plupart des pays du globe Gouvernement mondial
72%
Robot humanoide à l'éffigie de Kuma Pacifista
71%
Le quatrième type de l'aliment mystérieux, qui ont été crééartificiellement SMILE
71%
Opération militaire d'envergure qui consiste à complètementdétruire le lieu visé en le bombardant avec des bateaux de guerre Buster Call
69%
Morceau de papier spécial qui est relié à celle à qui elle appartient, et qui brûle quand la vie de la personne en question est en danger Vivre Card
68%
Organisation rebelle dirigée par Dragon Armée révolutionnaire
66%
Groupe de 11 pirates dont la prime était de plus de 100 millionsde berries à leur arrivée sur Sabaody Supernovae
65%
Armes destructrices au nombre de 3 qui ont fait tremblerle monde par leur puissance Armes antiques
64%
Organisation menée par la famille Vinsmoke, qui a pourparticularité une grande avancée scientifique Germa 66
64%
Objet vivant créé par le Fruit des Ames Homie
37%
Technique de combat basée sur un pouvoir enseignée au sein de laMarine 6 pouvoirs
31%
Clone aux cheveux blancs et à la flamme dans le dos Seraphim
26%
Royaume qui a été détruit il y a 800 ans Royaume antique
1%
Aucun quiz correspondant
Distribution des résultats
% des personnes avec chaque résultat
Percentile par nombre de réponses
Votre historique - résultats
Vous n’avez pas pris ce quiz